000 00694nam a2200289Ia 4500
005 20260324141952.0
008 008 260324s9999 xx 000 0 eng d
020 _a9781315004617
037 _aEBOOK
040 _aCRL
040 _beng
040 _cCRL
041 _2eng
041 _aeng
084 _qCRL
100 _aCarl Dawson; John Pfordresher
_91210190
245 0 _aMatthew Arnold
245 4 _bThe Critical Heritage Volume 1 Prose Writings
260 _bTaylor and Francis
260 _c1996
365 _a
365 _b325
856 _uhttp://www.taylorfrancis.com/books/9781315004617
942 _cEBOOK
999 _c1813852
_d1813852